Every Ride at Cedar Point (excl. Kiddie Rides) - Statistics

General Stats
  • This quiz has been taken 49 times
  • The average score is 22 of 39
Answer Stats
Answer % Correct
GateKeeper
100%
Corkscrew
91%
Gemini
91%
Magnum XL-200
91%
Maverick
91%
Millennium Force
91%
Raptor
91%
Steel Vengeance
91%
Wild Mouse
91%
Siren's Curse
82%
Top Thrill 2
82%
Valravn
82%
Blue Streak
73%
Cedar Creek Mine Ride
73%
Iron Dragon
73%
Rougarou
73%
maXair
64%
Power Tower
64%
Skyhawk
64%
SlingShot
55%
WindSeeker
55%
Cadillac Cars
45%
Giant Wheel
45%
Ocean Motion
45%
Pipe Scream
45%
Sky Ride
45%
Calypso
36%
Cedar Point and Lake Erie Railroad
36%
Dodgem
36%
Monster
36%
Super Himalaya
36%
Troika
36%
Atomic Scrambler
27%
Lake Erie Eagles
27%
Thunder Canyon
27%
Cedar Downs Racing Derby
18%
Matterhorn
18%
Midway Carousel
9%
Wave Swinger
9%
No matching quizzes found
Score Distribution
Percent of People with Each Score
Percentile by Number Answered
Your Score History
You have not taken this quiz